000 00586nam a22001937a 4500
003 KOHA_MİRAKIL
005 20251221114111.0
008 251221b tu ||||| |||| 00| 0 tur d
020 _a9786254450600
040 _aTR-AnABB
_btur
_cTR-AnABB
041 _atur
082 _a303.625
_bKOC 2021
100 1 _aKoçanlı, Murat,
245 1 0 _aPKK terör örgütü ve teröre sürüklenen çocuklar /
_cMurat Koçanlı
260 _aAnkara :
_bJandarma ve Sahil Güvenlik Akademisi Yayınları,
_c2020
300 _a101 sayfa ;
_c23 cm
650 0 4 _aTerör
942 _2ddc
_cBK
999 _c9806
_d9806
900 _bGizem YORULMAZ